[Event "Politiken Cup"]
[Site "?"]
[Date "2005.07.23"]
[Round "9"]
[White "Peschardt Soren"]
[Black "Abrahamsson Daniel"]
[Result "0-1"]
[WhiteElo "2181"]
[BlackElo "1983"]
[PlyCount "52"]
[EventDate "2005.??.??"]
[Source "www.chesslib.no"]
[SourceDate "2004.05.04"]

1. d4 Nf6 2. c4 e5 3. d5 b5 4. cxb5 Bb7 5. Nc3 Bb4 6. Bg5 d6 7. e4 Nbd7 8. Bd3 h6 9. Bxf6 Qxf6 10. Nge2 g5 11. O-O h5 12. Rc1 h4 13. a3 h3 14. axb4 hxg2 15. Kxg2 g4 16. Ng3 O-O-O 17. Rh1 Qh4 18. b6 Nxb6 19. Be2 f5 20. Nxf5 Qh3+ 21. Kg1 Kb8 22. Bf1 Qh5 23. Bg2 Rdf8 24. Ng3 Qh4 25. Rc2 Rf4 26. Nge2 Qxf2# 0-1

[Event "Malaga Ch"]
[Site "Malaga ESP"]
[Date "1984.05.01"]
[Round "5"]
[White "Gutierrez de las Heras, Antonio"]
[Black "Gonzalez Haro, Emilio"]
[Result "1-0"]
[WhiteElo "2161"]
[BlackElo "1999"]
[PlyCount "67"]
[EventDate "1984.03.31"]
[Source "www.chesslib.no"]
[SourceDate "2004.05.04"]

1. d4 Nf6 2. c4 e5 3. d5 Bb4+ 4. Bd2 Bxd2+ 5. Qxd2 d6 6. Nc3 Bf5 7. f3 Nbd7 8. e4 Bg6 9. Bd3 a5 10. Nge2 Nc5 11. Bc2 O-O 12. g4 Nfd7 13. h4 f6 14. Ng3 Nb6 15. h5 Be8 16. Qe2 Nba4 17. Nd1 Na6 18. Nf5 Bd7 19. b3 N4c5 20. a3 Rb8 21. Nc3 Qe8 22. Nb5 b6 23. O-O-O Nb7 24. Rdg1 c6 25. dxc6 Bxc6 26. g5 fxg5 27. Rxg5 Rf7 28. Rhg1 Kh8 29. Nbxd6 Nxd6 30. Nxd6 Qe7 31. Nxf7+ Qxf7 32. Rxg7 Qxg7 33. Rxg7 Kxg7 34. Qd2 1-0

[Event "Winter Open"]
[Site "?"]
[Date "2004.01.28"]
[Round "8"]
[White "Marinkov Svetislav"]
[Black "Andrejic Vladica"]
[Result "1/2-1/2"]
[WhiteElo "2077"]
[BlackElo "2076"]
[PlyCount "90"]
[EventDate "2004.??.??"]
[Source "www.chesslib.no"]
[SourceDate "2004.05.04"]

1. d4 Nf6 2. c4 e5 3. Bg5 exd4 4. Qxd4 Nc6 5. Qh4 Be7 6. Nf3 d5 7. cxd5 Qxd5 8. Nc3 Qa5 9. e3 Bf5 10. Bb5 O-O 11. Qa4 Qxa4 12. Bxa4 Nb4 13. O-O c6 14. Nd4 Bg6 15. Rfd1 a5 16. a3 Na6 17. Bb3 Rfd8 18. f3 Nc5 19. Bc4 h6 20. Bh4 Nd5 21. Bxe7 Nxe7 22. e4 b5 23. Ba2 b4 24. Nce2 Na4 25. Bb3 Nxb2 26. Rd2 bxa3 27. Rxa3 c5 28. Rxb2 cxd4 29. Rd2 Rab8 30. Rxd4 Nc6 31. Rxd8+ Nxd8 32. Bd5 Rb1+ 33. Kf2 Nb7 34. Rc3 a4 35. Rc8+ Kh7 36. Rb8 a3 37. Nc3 Rc1 38. Na2 Rc2+ 39. Kg3 Nd6 40. Rb4 f6 41. Ra4 Nb5 42. Nb4 Rd2 43. Nc6 Nc3 44. Rxa3 Nxd5 45. exd5 Rxd5 1/2-1/2

[Event "Bled op-B"]
[Site "Bled"]
[Date "1996.??.??"]
[Round "8"]
[White "Jeraj, Zlatko"]
[Black "Sturma, Mavro"]
[Result "0-1"]
[WhiteElo "2150"]
[BlackElo "2000"]
[PlyCount "108"]
[EventDate "1996.03.??"]
[Source "ChessBase"]

1. d4 Nf6 2. c4 e5 3. d5 Bb4+ 4. Bd2 Bxd2+ 5. Nxd2 O-O 6. e3 a5 7. Ngf3 d6 8. Bd3 Nbd7 9. Rc1 Nc5 10. Bb1 Bg4 11. Qc2 e4 12. Ng5 Nd3+ 13. Kf1 Nxc1 14. Qxc1 Bh5 15. Ndxe4 Nxe4 16. Nxe4 Bg6 17. h4 Qe7 18. f3 Rae8 19. Kf2 Bxe4 20. Bxe4 f5 21. Bd3 Qf6 22. g3 Re7 23. f4 c6 24. Re1 h6 25. Qd2 cxd5 26. cxd5 b6 27. Qc2 g5 28. hxg5 hxg5 29. Ke2 Ree8 30. Kd2 Rc8 31. Qb3 a4 32. Qb4 Kg7 33. fxg5 Qe5 34. Re2 b5 35. Kd1 Qxd5 36. Qd4+ Qe5 37. Bxb5 Rc5 38. Qxe5+ dxe5 39. Bxa4 Rd8+ 40. Ke1 Kg6 41. Bc2 Kxg5 42. a4 Rh8 43. b4 Rd5 44. Rf2 e4 45. b5 Rh1+ 46. Ke2 Rc1 47. Bb3 Rd3 48. Be6 Kf6 49. Rxf5+ Kxe6 50. Rf4 Rc2+ 51. Ke1 Ke5 52. Rf8 Ra3 53. Re8+ Kf5 54. Kd1 Rh2 0-1

[Event "Open"]
[Site "Zagabria CRO"]
[Date "2007.03.23"]
[Round "7"]
[White "Takac, Z."]
[Black "Barlovic, T."]
[Result "1/2-1/2"]
[WhiteElo "2142"]
[BlackElo "2006"]
[PlyCount "72"]
[EventDate "2007.03.17"]
[Source "www.chesslib.no"]
[SourceDate "2004.05.04"]

1. d4 Nf6 2. c4 e5 3. d5 Bc5 4. Nc3 d6 5. e4 h6 6. Bd3 O-O 7. Nf3 Bg4 8. O-O Nh7 9. Be2 f5 10. Be3 Nd7 11. exf5 Bxe3 12. fxe3 Bxf5 13. Qd2 Qe7 14. e4 Bg6 15. Qe3 Nhf6 16. Nh4 Bh7 17. Nf5 Bxf5 18. Rxf5 Nh7 19. Rxf8+ Rxf8 20. Qxa7 Qg5 21. Qxb7 Qe3+ 22. Kh1 Rf2 23. Nd1 Qxe2 24. Nxf2 Qxf2 25. Qxc7 Qxb2 26. Rg1 Nhf6 27. Qxd6 Nxe4 28. Qe6+ Kh8 29. h3 Ndf6 30. d6 Qd4 31. Re1 Nf2+ 32. Kh2 N2g4+ 33. hxg4 Nxg4+ 34. Kh1 Nf2+ 35. Kh2 Ng4+ 36. Kh1 Nf2+ 1/2-1/2

[Event "It (Open) Sautron FRA"]
[Site "?"]
[Date "2005.10.24"]
[Round "3"]
[White "Broekman Willem"]
[Black "Thevenot David"]
[Result "1-0"]
[WhiteElo "2116"]
[BlackElo "2030"]
[PlyCount "27"]
[EventDate "2005.??.??"]
[Source "www.chesslib.no"]
[SourceDate "2004.05.04"]

1. d4 Nf6 2. c4 e5 3. Nf3 e4 4. Nfd2 e3 5. fxe3 d5 6. g3 h5 7. Nf3 h4 8. Nc3 hxg3 9. cxd5 Ng4 10. Ne4 Bb4+ 11. Bd2 Nxe3 12. Qb3 g2 13. Qxe3 gxh1=Q 14. Nf6+ 1-0

[Event "Open FIDE"]
[Site "St Quentin FRA"]
[Date "1999.04.24"]
[Round "8"]
[White "Mohamed Jamil Yamaya"]
[Black "Bruned, J."]
[Result "1/2-1/2"]
[WhiteElo "2061"]
[BlackElo "2075"]
[PlyCount "21"]
[EventDate "1999.??.??"]
[Source "www.chesslib.no"]
[SourceDate "2004.05.04"]

1. d4 Nf6 2. c4 e5 3. d5 d6 4. Nc3 Be7 5. e4 O-O 6. f3 Nbd7 7. Be3 Ne8 8. Qd2 a5 9. Nh3 Nc5 10. Nf2 b6 11. Nd3 1/2-1/2

[Event "WYCC 2008 U18 girls"]
[Site "Vung Tau City VIE"]
[Date "2008.10.23"]
[Round "5.10"]
[White "Li, Panru"]
[Black "Pham, Thi Thu Hien"]
[Result "1-0"]
[WhiteElo "2126"]
[BlackElo "2006"]
[PlyCount "97"]
[EventDate "2008.10.20"]
[Source "www.chesslib.no"]
[SourceDate "2004.05.04"]

1. d4 Nf6 2. c4 e5 3. d5 Bc5 4. Nc3 d6 5. e3 Bf5 6. Nf3 O-O 7. Be2 h6 8. O-O Nbd7 9. a3 a5 10. Nd2 e4 11. Rb1 Qe7 12. b4 axb4 13. axb4 Bb6 14. Bb2 Bg6 15. Nb3 Nh7 16. Rc1 f5 17. Nd4 Bxd4 18. Qxd4 Ndf6 19. c5 dxc5 20. bxc5 Rfd8 21. Bc4 Bf7 22. Rfd1 c6 23. d6 Qf8 24. Ne2 Bxc4 25. Rxc4 Nd5 26. Ng3 Rd7 27. Ra4 Rb8 28. Ra7 Ng5 29. Qe5 Rf7 30. Rda1 Nb4 31. Ba3 Nd3 32. Qc3 Rd7 33. f3 Re8 34. h4 Nh7 35. fxe4 fxe4 36. Rf1 Nf6 37. Nxe4 Rxe4 38. Qxd3 Qe8 39. Qb3+ Qf7 40. Ra8+ Kh7 41. Qb1 Qc4 42. Rf4 Kg6 43. Rf8 Rf7 44. h5+ Kxh5 45. Rxe4 Nxe4 46. Rxf7 Qxf7 47. Qxe4 Qa2 48. Qf4 g5 49. g4+ 1-0

[Event "RLSW_Sonthofen1-Unterhaching1"]
[Site "?"]
[Date "2005.01.30"]
[Round "6.4"]
[White "Sikorsky Horst"]
[Black "Roeber Juergen"]
[Result "1/2-1/2"]
[WhiteElo "2110"]
[BlackElo "2010"]
[PlyCount "51"]
[EventDate "2005.??.??"]
[Source "www.chesslib.no"]
[SourceDate "2004.05.04"]

1. d4 Nf6 2. c4 e5 3. d5 Bc5 4. e3 O-O 5. Nd2 d6 6. Bd3 b5 7. Ne2 bxc4 8. Bxc4 Ng4 9. O-O f5 10. h3 Nh6 11. Rb1 a5 12. a3 Nd7 13. b4 axb4 14. axb4 Bb6 15. Qb3 g5 16. e4 f4 17. Bb5 Kh8 18. Nc4 Rb8 19. Bxd7 Bxd7 20. Nxb6 Rxb6 21. f3 Ng8 22. Bd2 Nf6 23. Nc3 h5 24. Kf2 Qb8 25. Qc4 Qa7 26. Ke2 1/2-1/2

[Event "Binissalem (Spain)"]
[Site "?"]
[Date "2004.10.09"]
[Round "9"]
[White "Ruiz Vinals Matias"]
[Black "Perez Prieto German"]
[Result "1-0"]
[WhiteElo "2054"]
[BlackElo "2064"]
[PlyCount "63"]
[EventDate "2004.??.??"]
[Source "www.chesslib.no"]
[SourceDate "2004.05.04"]

1. d4 Nf6 2. c4 e5 3. e3 e4 4. Ne2 d5 5. Nf4 c6 6. Nc3 Bd6 7. cxd5 Bxf4 8. exf4 cxd5 9. Be2 O-O 10. O-O Nc6 11. b3 Qb6 12. Be3 Qa5 13. Rc1 Rd8 14. f3 Bf5 15. g4 exf3 16. Bxf3 Ne4 17. Na4 Bc8 18. f5 Re8 19. Bf2 Nxf2 20. Rxf2 b6 21. Nc3 Ne7 22. Qd2 Bb7 23. Re2 Rac8 24. Kg2 b5 25. Qg5 f6 26. Qe3 Nxf5 27. Qxe8+ Rxe8 28. Rxe8+ Kf7 29. Rb8 Qc7 30. Rxb7 Ne3+ 31. Kf2 Nxg4+ 32. Ke2 1-0

[Event "Werther Schloss op-A 7th"]
[Site "?"]
[Date "2001.04.08"]
[Round "5.26"]
[White "Kemper Meinolf"]
[Black "Adam Detlef"]
[Result "1/2-1/2"]
[WhiteElo "2115"]
[BlackElo "2001"]
[PlyCount "43"]
[EventDate "2001.??.??"]
[Source "www.chesslib.no"]
[SourceDate "2004.05.04"]

1. d4 Nf6 2. c4 e5 3. e3 exd4 4. exd4 Bb4+ 5. Nc3 Ne4 6. Qc2 O-O 7. Bd3 d5 8. cxd5 Bf5 9. Nge2 Nxc3 10. bxc3 Bxd3 11. Qxd3 Ba5 12. Nf4 g5 13. Nh5 f5 14. h4 Qe8+ 15. Kf1 Qxh5 16. Bxg5 c6 17. Qg3 Qg4 18. Qd6 Bxc3 19. Qe6+ Rf7 20. Qe8+ Kg7 21. Qe5+ Kg8 22. Qe8+ 1/2-1/2